00595cam a22002291 4500001001300000003000400013005001700017008004100034010001700075035002000092040001800112042001200130050001900142100003600161245003200197260001100229300002700240500001600267504002700283700003800310999001700348sa 66005039 DLC20260227112247.0890913s1966 ii a b 000 0 maro  asa 66005039  a(OCoLC)20334590 aDLCcWaUdDLC apremarc00aBL1215.M35bA41 aMate, M. S.q(Madhukar Shripad)10aŚrīcakradharasvāmī. c[1966] a104 p.billus.c18 cm. aIn Marathi. aBibliography : p. 104.0 aCakradhara,dactive 13th century. c69771d69771